[Event "Las Palmas op 34th"]
[Site "Las Palmas"]
[Date "2013.12.08"]
[Round "9"]
[White "Rodriguez Manzaneda, Irene"]
[Black "Jerez Garcia, Jose Juan"]
[Result "1-0"]
[WhiteElo "1712"]
[BlackElo "1613"]
[PlyCount "79"]
[EventDate "2013.12.02"]
[EventType "swiss"]
[EventRounds "9"]
[EventCountry "ESP"]
[SourceTitle "CBM 157 Extra"]
[Source "ChessBase"]
[SourceDate "2013.12.19"]
[SourceVersion "1"]
[SourceVersionDate "2013.12.19"]
[SourceQuality "1"]

1. e4 e5 2. Nf3 Nc6 3. Bb5 a6 4. Bxc6 dxc6 5. 0-0 Bd6 6. d4 Qe7 7. dxe5 Bxe5 8. Nxe5 Qxe5 9. Nd2 Nf6 10. Nc4 Qc5 11. Qd3 Be6 12. Na3 Rd8 13. Qe2 0-0 14. Kh1 Qe5 15. f3 b5 16. c4 bxc4 17. Nxc4 Qb5 18. b3 Rd4 19. Ba3 Rfd8 20. Rfc1 Rd2 21. Qe1 Bxc4 22. Rxc4 Qg5 23. Qf1 Nh5 24. Re1 Rxa2 25. Bc1 Qh4 26. e5 Rd4 27. Kg1 Rxc4 28. bxc4 Nf4 29. Bxf4 Qxf4 30. Rd1 Qe3+ 31. Kh1 Rd2 32. Ra1 Qxe5 33. Re1 Rd1 34. Rxd1 g6 35. Qd3 h5 36. Qd4 Qe2 37. Qa1 Qe7 38. Qxa6 Qe2 39. Rd8+ Kh7 40. Qa1 1-0

[Event "Las Palmas Capablanca Memorial 1st"]
[Site "Las Palmas"]
[Date "2013.05.21"]
[Round "7"]
[White "Julien Casteleiro, Ariel"]
[Black "Jerez Garcia, Jose Juan"]
[Result "1-0"]
[WhiteElo "1586"]
[BlackElo "1605"]
[PlyCount "115"]
[EventDate "2013.04.30"]
[EventType "swiss"]
[EventRounds "7"]
[EventCountry "ESP"]
[SourceTitle "EXT 2024"]
[Source "ChessBase"]
[SourceDate "2023.10.10"]
[SourceVersion "1"]
[SourceVersionDate "2023.10.10"]
[SourceQuality "1"]

1. d4 d5 2. Nc3 Nf6 3. Bg5 e6 4. f3 h6 5. Bh4 Be7 6. Bf2 b6 7. e4 dxe4 8. fxe4 Bb4 9. Bd3 Bb7 10. Qe2 Nc6 11. 0-0-0 Bxc3 12. bxc3 Qe7 13. Kd2 0-0-0 14. Bh4 g5 15. Bf2 h5 16. Ra1 Ng4 17. Bg3 Rhf8 18. h3 Nf6 19. a4 h4 20. Bh2 Nd7 21. Ba6 Nc5 22. Bxb7+ Kxb7 23. Nf3 f5 24. exf5 Rxf5 25. Rhb1 Kc8 26. Ke1 Nb7 27. Rb5 Nd6 28. Rxf5 Nxf5 29. Qe4 Qd7 30. a5 Ng3 31. Bxg3 hxg3 32. axb6 cxb6 33. Nxg5 Re8 34. Nf3 Qd5 35. Qg6 Kd7 36. Ne5+ Nxe5 37. Qg7+ Kc6 38. Qxe5 Qxg2 39. Rxa7 Qf2+ 40. Kd1 Qf1+ 41. Kd2 Qf2+ 42. Kc1 Qf1+ 43. Kb2 Qb5+ 44. Qxb5+ Kxb5 45. Rg7 e5 46. dxe5 Rxe5 47. Rxg3 Kc6 48. Rg4 Kd6 49. h4 Rh5 50. Kb3 Kc6 51. c4 Kd6 52. Kb4 Kc7 53. c3 Kc6 54. Rd4 Kc7 55. Rg4 Kc6 56. Rg6+ Kc7 57. Rg5 Rxh4 58. Kb5 1-0

[Event "Las Palmas Capablanca Memorial 1st"]
[Site "Las Palmas"]
[Date "2013.05.10"]
[Round "4"]
[White "Jerez Garcia, Jose Juan"]
[Black "Sanchez Ramirez, Gustavo"]
[Result "1-0"]
[WhiteElo "1605"]
[BlackElo "1636"]
[PlyCount "49"]
[EventDate "2013.04.30"]
[EventType "swiss"]
[EventRounds "7"]
[EventCountry "ESP"]
[SourceTitle "EXT 2024"]
[Source "ChessBase"]
[SourceDate "2023.10.10"]
[SourceVersion "1"]
[SourceVersionDate "2023.10.10"]
[SourceQuality "1"]

1. d4 b6 2. c4 Nf6 3. Nc3 e6 4. Nf3 Bb7 5. e3 d5 6. cxd5 Nxd5 7. e4 Nxc3 8. bxc3 Bxe4 9. Bd3 Qd5 10. Bxe4 Qxe4+ 11. Be3 Be7 12. 0-0 0-0 13. Re1 Qd5 14. Ne5 Nc6 15. c4 Qd6 16. Bf4 Nxe5 17. Bxe5 Qd7 18. Qg4 f6 19. Bg3 f5 20. Qf3 Qxd4 21. Rad1 Qxc4 22. Rd7 Bc5 23. Be5 g6 24. Rg7+ Kh8 25. Rxg6+ 1-0

[Event "Las Palmas Capablanca Memorial 1st"]
[Site "Las Palmas"]
[Date "2013.05.07"]
[Round "3"]
[White "Rodriguez Melian, Jose Luis"]
[Black "Jerez Garcia, Jose Juan"]
[Result "1-0"]
[WhiteElo "2096"]
[BlackElo "1605"]
[PlyCount "71"]
[EventDate "2013.04.30"]
[EventType "swiss"]
[EventRounds "7"]
[EventCountry "ESP"]
[SourceTitle "EXT 2024"]
[Source "ChessBase"]
[SourceDate "2023.10.10"]
[SourceVersion "1"]
[SourceVersionDate "2023.10.10"]
[SourceQuality "1"]

1. d4 d5 2. c4 e6 3. g3 b6 4. Bg2 Bb7 5. cxd5 exd5 6. Nf3 Nf6 7. 0-0 Be7 8. Nc3 0-0 9. Bf4 c6 10. a3 Bd6 11. Ne5 Bxe5 12. dxe5 Ne8 13. b4 Nd7 14. b5 cxb5 15. Nxd5 Rc8 16. e6 fxe6 17. Nf6+ Ndxf6 18. Bxb7 Qxd1 19. Rfxd1 Rc2 20. Bf3 Nc7 21. Bd6 Rd8 22. e4 Nce8 23. Bb4 Rxd1+ 24. Rxd1 h5 25. e5 Ng4 26. Rd8 Kf7 27. Rd7+ Kg8 28. Re7 Nc7 29. Bd6 Rc1+ 30. Kg2 Nd5 31. Re8+ Kh7 32. Be4+ g6 33. Rxe6 Nde3+ 34. fxe3 Re1 35. Bxg6+ Kg7 36. Bxh5 1-0

[Event "Arucas op 8th"]
[Site "Arucas"]
[Date "2012.06.20"]
[Round "3"]
[White "Jerez Garcia, Jose Juan"]
[Black "Diaz Mendoza, Eladio"]
[Result "0-1"]
[WhiteElo "1666"]
[BlackElo "1513"]
[PlyCount "102"]
[EventDate "2012.06.18"]
[EventType "swiss"]
[EventRounds "6"]
[EventCountry "ESP"]
[SourceTitle "CBM 149 Extra"]
[Source "ChessBase"]
[SourceDate "2012.08.24"]
[SourceVersion "1"]
[SourceVersionDate "2012.08.24"]
[SourceQuality "1"]

1. d4 d5 2. c4 c6 3. Nc3 e6 4. Nf3 Nd7 5. e3 Ngf6 6. Be2 Be7 7. 0-0 b6 8. Bd2 Bb7 9. cxd5 cxd5 10. Rc1 Rc8 11. Qa4 a5 12. Bb5 0-0 13. Ne2 Nb8 14. Ng3 Ne4 15. Nxe4 dxe4 16. Ne5 f6 17. Nc4 Bd5 18. Qd1 Nc6 19. Bxc6 Bxc6 20. Bc3 Bb5 21. b3 Bxc4 22. bxc4 Rxc4 23. Qb3 Qc7 24. Bd2 Rc8 25. Rxc4 Qxc4 26. Qxb6 Qxa2 27. Qb7 Re8 28. Bc3 a4 29. Qd7 Kf7 30. Ra1 Qb3 31. Be1 a3 32. Qc6 f5 33. Qc1 Rb8 34. Qd1 Qb2 35. Qc1 a2 36. Qxb2 Rxb2 37. Kf1 Bb4 38. Rxa2 Rxa2 39. Bxb4 Rb2 40. Bc3 Rc2 41. Bb4 g5 42. g3 h5 43. h3 g4 44. h4 Ke8 45. Ke1 Kd7 46. Bd2 Kc6 47. Kd1 Ra2 48. Kc1 Kb5 49. Kd1 Kc4 50. Ke2 Rc2 51. Ke1 Kd3 0-1

[Event "Las Palmas Cabildo sf"]
[Site "Las Palmas"]
[Date "2012.01.27"]
[Round "4"]
[White "Jerez Garcia, Jose Juan"]
[Black "Cruz Pino, Adrian"]
[Result "0-1"]
[WhiteElo "1631"]
[BlackElo "1997"]
[PlyCount "70"]
[EventDate "2012.01.19"]
[EventType "swiss"]
[EventRounds "6"]
[EventCountry "ESP"]
[SourceTitle "EXT 2014"]
[Source "ChessBase"]
[SourceDate "2013.11.20"]
[SourceVersion "1"]
[SourceVersionDate "2013.11.20"]
[SourceQuality "1"]

1. d4 d5 2. c4 e6 3. Nc3 Nf6 4. Nf3 Be7 5. e3 c6 6. Be2 a6 7. c5 b6 8. b4 a5 9. cxb6 axb4 10. Na4 Nbd7 11. 0-0 Nxb6 12. Nxb6 Qxb6 13. Qb3 Nd7 14. Bd2 0-0 15. Rfc1 Ba6 16. Bxa6 Rxa6 17. Rc2 Qb5 18. Re1 Nf6 19. Ne5 Bd6 20. f3 c5 21. Ng4 Nxg4 22. fxg4 c4 23. Qb1 f5 24. g5 Rb6 25. Rec1 Qe8 26. Rf1 Qh5 27. g3 Rfb8 28. Qc1 c3 29. Bxc3 bxc3 30. Rxc3 Rb2 31. Rc8+ Kf7 32. Rc7+ Bxc7 33. Qxc7+ Kg8 34. Rf2 Qd1+ 35. Rf1 Qe2 0-1

[Event "Las Palmas op 32nd"]
[Site "Las Palmas"]
[Date "2011.12.02"]
[Round "1"]
[White "Jerez Garcia, Jose Juan"]
[Black "Angel Acosta, Juan Carlos"]
[Result "0-1"]
[WhiteElo "1650"]
[BlackElo "2208"]
[PlyCount "86"]
[EventDate "2011.12.02"]
[EventType "swiss"]
[EventRounds "9"]
[EventCountry "ESP"]
[SourceTitle "CBM 145 Extra"]
[Source "ChessBase"]
[SourceDate "2012.01.03"]
[SourceVersion "1"]
[SourceVersionDate "2012.01.03"]
[SourceQuality "1"]

1. d4 Nf6 2. c4 e6 3. Nc3 Bb4 4. a3 Bxc3+ 5. bxc3 d6 6. Nf3 Nbd7 7. Bg5 c5 8. e3 Qa5 9. Qc2 Ne4 10. Bd3 Nxg5 11. Nxg5 cxd4 12. Ne4 dxe3 13. Nxd6+ Ke7 14. Nxc8+ Raxc8 15. fxe3 Qe5 16. Qd2 Nc5 17. 0-0 Rhd8 18. Qf2 Rxd3 19. Qxf7+ Kd6 20. Rae1 Kc6 21. Qf3+ Qe4 22. Qg3 Rc7 23. Rf4 Qe5 24. Qf3+ Kb6 25. Rb1+ Ka6 26. Re1 Qxc3 27. Qf2 e5 28. Rf3 Rcd7 29. h3 Ne4 30. Qh4 g5 31. Qxe4 Qxe1+ 32. Kh2 Qc3 33. Rf6+ R7d6 34. Rf7 Rd7 35. Rf6+ R3d6 36. Rf5 Rc6 37. Rxe5 Qd3 38. Qf3 Qd6 39. Qg3 h6 40. e4 Rc5 41. Rxc5 Qxc5 42. Qb3 Qd6+ 43. Kg1 Qd1+ 0-1